Guo ji shang shi fa (International general management)/ (Record no. 10617)
[ view plain ]
| 000 -LEADER | |
|---|---|
| fixed length control field | 00461nam a22001697a 4500 |
| 003 - CONTROL NUMBER IDENTIFIER | |
| control field | SISC |
| 005 - DATE AND TIME OF LATEST TRANSACTION | |
| control field | 20190619134832.0 |
| 008 - FIXED-LENGTH DATA ELEMENTS--GENERAL INFORMATION | |
| fixed length control field | 130907t xxu||||| |||| 00| 0 eng d |
| 020 ## - INTERNATIONAL STANDARD BOOK NUMBER | |
| International Standard Book Number | 9787561114667 |
| 050 ## - LIBRARY OF CONGRESS CALL NUMBER | |
| Classification number | HD 30.15 |
| Item number | .W246 1988 |
| 082 ## - DEWEY DECIMAL CLASSIFICATION NUMBER | |
| Classification number | HS 658.951 |
| Item number | In8 1988 |
| 100 ## - MAIN ENTRY--PERSONAL NAME | |
| Personal name | Wang, Xuexian |
| 9 (RLIN) | 17109 |
| 245 ## - TITLE STATEMENT | |
| Title | Guo ji shang shi fa (International general management)/ |
| Statement of responsibility, etc | Xuexian Wang |
| 300 ## - PHYSICAL DESCRIPTION | |
| Extent | 327 p. : |
| Dimensions | 21 cm. |
| 942 ## - ADDED ENTRY ELEMENTS (KOHA) | |
| Source of classification or shelving scheme | Library of Congress Classification |
| Koha item type | Books |
| Withdrawn status | Lost status | Source of classification or shelving scheme | Damaged status | Home library | Current library | Shelving location | Date acquired | Total Checkouts | Full call number | Barcode | Date last seen | Copy number | Price effective from | Koha item type |
|---|---|---|---|---|---|---|---|---|---|---|---|---|---|---|
| Library of Congress Classification | Luxembourg Library | Luxembourg Library | 09/07/2013 | HD 30.15 .W246 1988 | 14000 | 04/06/2016 | 1 | 09/07/2013 | Books |